000 00262nam a22001217a 4500
008 180926b xxu||||| |||| 00| 0 eng d
041 _aeng
080 _a910
100 _a42
101 _aGJEO
245 _aAmerica's Wonderlands
_cWirth,C.L
942 _2udc
_cBK
999 _c48484
_d48484